Cities in Cyrillic - Statistics

General Stats
  • This quiz has been taken 314 times
  • The average score is 9 of 10
Answer Stats
City Answer % Correct
🇷🇺Москва Moscow
100%
🇺🇦київ Kiev
95%
🇷🇺владивосток Vladivostok
95%
🇰🇬Бишкек Bishkek
91%
🇲🇰скопје Skopje
91%
🇷🇺новосибирск Novosibirsk
89%
🇰🇿Нұр сұлтан Nur Sultan
88%
🇹🇯Душанбе Dushanbe
84%
🇷🇸београдни Belgrade
77%
🇹🇲Ашқобод Ashgabat
67%
No matching quizzes found
Score Distribution
Percent of People with Each Score
Percentile by Number Answered
Your Score History
You have not taken this quiz